[Event "PMPJ 2022 - C17"]
[Site "Jastrzebia Gora"]
[Date "2022.11.09"]
[Round "6.7"]
[White "Zeissel, Andrzej"]
[Black "Smetek, Michal"]
[Result "1/2-1/2"]
[BlackElo "1731"]
[WhiteElo "1654"]
[LiveChessVersion "1.4.8"]

1. d4 {[%clk 1:30:57]} Nf6 {[%clk 1:30:46]} 2. Nc3 {[%clk 1:31:22]} d5
{[%clk 1:31:11]} 3. Bf4 {[%clk 1:31:49]} a6 {[%clk 1:31:38]} 4. e3
{[%clk 1:32:11]} c5 {[%clk 1:31:43]} 5. Nf3 {[%clk 1:31:52]} Nc6 {[%clk 1:31:03]}
6. dxc5 {[%clk 1:31:57]} Bg4 {[%clk 1:29:39]} 7. Be2 {[%clk 1:24:46]} e6
{[%clk 1:28:29]} 8. O-O {[%clk 1:20:59]} Bxc5 {[%clk 1:28:23]} 9. h3
{[%clk 1:18:45]} Bh5 {[%clk 1:28:09]} 10. Nd4 {[%clk 1:09:59]} Nxd4
{[%clk 1:21:40]} 11. exd4 {[%clk 1:10:20]} Bxe2 {[%clk 1:22:02]} 12. Nxe2
{[%clk 1:10:45]} Bd6 {[%clk 1:22:17]} 13. Bxd6 {[%clk 1:07:03]} Qxd6
{[%clk 1:22:43]} 14. c3 {[%clk 1:05:09]} O-O {[%clk 1:22:57]} 15. Qd3
{[%clk 1:00:23]} Rfc8 {[%clk 1:18:55]} 16. Rfc1 {[%clk 0:58:37]} Rc6
{[%clk 1:15:44]} 17. Rc2 {[%clk 0:57:45]} Rac8 {[%clk 1:15:55]} 18. Rac1
{[%clk 0:57:05]} b5 {[%clk 1:15:55]} 19. a4 {[%clk 0:47:52]} bxa4
{[%clk 1:08:54]} 20. c4 {[%clk 0:46:48]} dxc4 {[%clk 1:08:59]} 21. Rxc4
{[%clk 0:47:12]} g6 {[%clk 1:07:43]} 22. Rxc6 {[%clk 0:43:17]} Rxc6
{[%clk 1:08:07]} 23. Rxc6 {[%clk 0:43:42]} Qxc6 {[%clk 1:08:33]} 24. Nc3
{[%clk 0:40:48]} Nd5 {[%clk 1:06:24]} 25. Nxd5 {[%clk 0:36:05]} Qxd5
{[%clk 1:01:06]} 26. Qc3 {[%clk 0:30:46]} Qb5 {[%clk 1:00:02]} 27. Qc8+
{[%clk 0:28:55]} Kg7 {[%clk 1:00:12]} 28. Qc3 {[%clk 0:29:20]} Qd5
{[%clk 0:49:20]} 29. f3 {[%clk 0:28:30]} a5 {[%clk 0:48:41]} 30. Kf2
{[%clk 0:28:02]} h5 {[%clk 0:46:28]} 31. h4 {[%clk 0:25:08]} Kh7 {[%clk 0:46:08]}
32. Ke3 {[%clk 0:21:06]} Qb5 {[%clk 0:42:59]} 33. Qc7 {[%clk 0:15:35]} Kg8
{[%clk 0:39:13]} 34. Qc8+ {[%clk 0:15:55]} Kg7 {[%clk 0:39:24]} 35. Qc3
{[%clk 0:15:55]} Qd5 {[%clk 0:32:04]} 36. Kf2 {[%clk 0:13:48]} Kh7
{[%clk 0:28:24]} 37. Ke3 {[%clk 0:14:04]} Qd8 {[%clk 0:25:50]} 38. Qc5
{[%clk 0:12:46]} Qb8 {[%clk 0:24:06]} 39. Qa3 {[%clk 0:10:07]} Qb4
{[%clk 0:18:31]} 40. Kd3 {[%clk 0:10:04]} Qb5+ {[%clk 0:16:20]} 41. Ke3
{[%clk 0:09:59]} Qc4 {[%clk 0:15:17]} 42. Qd3 {[%clk 0:09:03]} Qb4
{[%clk 0:13:33]} 43. Qa3 {[%clk 0:07:30]} Kg7 {[%clk 0:11:46]} 44. Kd3
{[%clk 0:07:19]} Qb5+ {[%clk 0:11:41]} 45. Kc3 {[%clk 0:06:41]} Kg8
{[%clk 0:09:55]} 46. g3 {[%clk 0:06:30]} Qb8 {[%clk 0:06:45]} 47. f4
{[%clk 0:06:30]} Qb5 {[%clk 0:06:56]} 48. Kd2 {[%clk 0:06:17]} Qd5
{[%clk 0:04:49]} 49. Qc3 {[%clk 0:06:30]} Qg2+ {[%clk 0:04:33]} 50. Kc1
{[%clk 0:06:52]} Qf1+ {[%clk 0:04:56]} 51. Kc2 {[%clk 0:07:15]} Qe2+
{[%clk 0:05:13]} 52. Kb1 {[%clk 0:07:34]} Qf1+ {[%clk 0:04:55]} 53. Ka2
{[%clk 0:07:54]} Qd1 {[%clk 0:04:13]} 54. Qc8+ {[%clk 0:08:10]} Kh7
{[%clk 0:03:40]} 55. Qc3 {[%clk 0:08:37]} 1/2-1/2

[Event "PMPJ 2022 - C17"]
[Site "Jastrzebia Gora"]
[Date "2022.11.09"]
[Round "6.8"]
[White "Maciaszek, Karol"]
[Black "Kietrys, Maciej"]
[Result "1-0"]
[BlackElo "1847"]
[WhiteElo "1631"]
[LiveChessVersion "1.4.8"]

1. e4 {[%clk 1:30:57]} e5 {[%clk 1:30:54]} 2. Nf3 {[%clk 1:31:20]} Nc6
{[%clk 1:31:19]} 3. Bc4 {[%clk 1:31:44]} Nf6 {[%clk 1:31:30]} 4. d3
{[%clk 1:32:08]} h6 5. c3 {[%clk 1:32:06]} d6 {[%clk 1:31:15]} 6. Nbd2
{[%clk 1:28:36]} g6 {[%clk 1:29:57]} 7. Nf1 {[%clk 1:24:44]} Bg7 {[%clk 1:29:54]}
8. Ng3 {[%clk 1:20:38]} O-O {[%clk 1:28:43]} 9. O-O {[%clk 1:19:45]} d5
{[%clk 1:22:51]} 10. exd5 {[%clk 1:14:32]} Nxd5 {[%clk 1:23:04]} 11. Ne4
{[%clk 1:08:17]} f5 {[%clk 1:11:18]} 12. Ng3 {[%clk 0:56:42]} Kh7
{[%clk 1:11:25]} 13. Bb3 {[%clk 0:55:31]} Qd6 {[%clk 1:08:51]} 14. Re1
{[%clk 0:50:36]} Bd7 {[%clk 1:08:20]} 15. Bc2 {[%clk 0:45:25]} Rae8
{[%clk 1:06:46]} 16. a4 {[%clk 0:42:50]} a5 {[%clk 1:05:04]} 17. Qd2
{[%clk 0:39:18]} Nd8 {[%clk 1:03:01]} 18. d4 {[%clk 0:27:39]} e4 {[%clk 0:59:52]}
19. Ne5 {[%clk 0:27:33]} Nf7 {[%clk 0:58:54]} 20. Nxf7 {[%clk 0:26:32]} Rxf7
{[%clk 0:59:20]} 21. Bb3 {[%clk 0:25:39]} Rfe7 {[%clk 0:58:32]} 22. Bxd5
{[%clk 0:24:44]} Qxd5 {[%clk 0:58:11]} 23. Qc2 {[%clk 0:24:19]} Bc6
{[%clk 0:54:53]} 24. Be3 {[%clk 0:18:58]} Qf7 {[%clk 0:53:43]} 25. Bf4
{[%clk 0:17:30]} g5 {[%clk 0:53:43]} 26. Be5 {[%clk 0:17:44]} Bxe5
{[%clk 0:53:32]} 27. dxe5 {[%clk 0:18:12]} Rxe5 {[%clk 0:53:52]} 28. Ne2
{[%clk 0:17:49]} Bd5 {[%clk 0:51:10]} 29. Nd4 {[%clk 0:15:07]} Bc4
{[%clk 0:47:53]} 30. Qd2 {[%clk 0:10:45]} Rd5 {[%clk 0:43:50]} 31. Qc1
{[%clk 0:10:06]} Red8 {[%clk 0:42:52]} 32. h4 {[%clk 0:07:14]} c5
{[%clk 0:42:04]} 33. Nc2 {[%clk 0:07:34]} Rd2 {[%clk 0:39:07]} 34. hxg5
{[%clk 0:06:09]} hxg5 {[%clk 0:38:42]} 35. Nd4 {[%clk 0:05:51]} R2xd4
{[%clk 0:34:16]} 36. cxd4 {[%clk 0:06:11]} Kg6 {[%clk 0:34:43]} 37. b3
{[%clk 0:05:02]} Bxb3 {[%clk 0:34:26]} 38. Qxc5 {[%clk 0:05:21]} Qd5
{[%clk 0:32:23]} 39. Qc3 {[%clk 0:04:26]} Rd6 {[%clk 0:31:53]} 40. Ra3
{[%clk 0:03:31]} Bc4 {[%clk 0:32:19]} 41. Rc1 {[%clk 0:03:35]} Rc6
{[%clk 0:32:22]} 42. Qb2 {[%clk 0:04:03]} Qd7 {[%clk 0:31:47]} 43. Rac3
{[%clk 0:03:24]} Bd5 {[%clk 0:31:04]} 44. Qb5 {[%clk 0:02:38]} Rxc3
{[%clk 0:29:49]} 45. Qxd7 {[%clk 0:03:06]} Rxc1+ {[%clk 0:30:13]} 46. Kh2
{[%clk 0:03:31]} Bf7 {[%clk 0:30:15]} 47. Qxb7 {[%clk 0:03:31]} Rc4
{[%clk 0:30:24]} 48. Qb5 {[%clk 0:03:35]} Rc2 {[%clk 0:29:46]} 49. Qxa5
{[%clk 0:03:11]} Rxf2 {[%clk 0:30:07]} 50. d5 1-0

[Event "PMPJ 2022 - C17"]
[Site "Jastrzebia Gora"]
[Date "2022.11.09"]
[Round "6.9"]
[White "Choina, Jan"]
[Black "Kotowicz, Kamil"]
[Result "0-1"]
[BlackElo "1775"]
[WhiteElo "1554"]
[LiveChessVersion "1.4.8"]

1. e4 {[%clk 1:30:58]} e6 {[%clk 1:30:45]} 2. d4 {[%clk 1:31:18]} d5
{[%clk 1:31:12]} 3. Nc3 {[%clk 1:31:33]} Nf6 {[%clk 1:31:38]} 4. Bg5
{[%clk 1:31:16]} Be7 {[%clk 1:31:58]} 5. e5 {[%clk 1:29:13]} Nfd7
{[%clk 1:32:22]} 6. Bxe7 {[%clk 1:28:20]} Qxe7 {[%clk 1:32:35]} 7. a3
{[%clk 1:27:32]} a6 {[%clk 1:32:21]} 8. Bd3 {[%clk 1:25:46]} c5 {[%clk 1:32:17]}
9. dxc5 {[%clk 1:07:48]} Nxe5 {[%clk 1:30:22]} 10. b4 {[%clk 1:07:14]} Qg5
{[%clk 1:27:41]} 11. g3 {[%clk 1:00:42]} Qf6 {[%clk 1:27:44]} 12. Na4
{[%clk 0:58:42]} Nbc6 {[%clk 1:16:30]} 13. c3 {[%clk 0:51:50]} Nxd3+
{[%clk 1:11:50]} 14. Qxd3 {[%clk 0:52:08]} Ne5 {[%clk 1:11:36]} 15. Qe2
{[%clk 0:41:14]} Bd7 {[%clk 1:06:59]} 16. Nb2 {[%clk 0:33:35]} Bb5
{[%clk 1:06:27]} 17. Qd2 {[%clk 0:32:33]} Rd8 {[%clk 0:53:58]} 18. O-O-O
{[%clk 0:27:14]} O-O {[%clk 0:52:23]} 19. Qd4 {[%clk 0:24:13]} Nc4
{[%clk 0:45:03]} 20. Qxf6 {[%clk 0:21:55]} gxf6 {[%clk 0:45:27]} 21. Nxc4
{[%clk 0:21:44]} Bxc4 {[%clk 0:45:28]} 22. Rd2 {[%clk 0:18:54]} e5
{[%clk 0:44:54]} 23. Ne2 {[%clk 0:18:16]} Rfe8 {[%clk 0:41:40]} 24. Kc2
{[%clk 0:16:32]} a5 {[%clk 0:39:44]} 25. a4 {[%clk 0:14:34]} Rc8 {[%clk 0:39:14]}
26. Kb2 {[%clk 0:13:58]} f5 {[%clk 0:33:53]} 27. Rhd1 {[%clk 0:12:41]} Kg7
{[%clk 0:32:44]} 28. Nc1 {[%clk 0:12:47]} f6 {[%clk 0:29:34]} 29. Nb3
{[%clk 0:12:48]} axb4 {[%clk 0:29:48]} 30. cxb4 {[%clk 0:13:16]} Bxb3
{[%clk 0:28:39]} 31. Kxb3 {[%clk 0:13:45]} d4 {[%clk 0:29:01]} 32. a5
{[%clk 0:12:15]} Kf7 {[%clk 0:28:20]} 33. Ra2 {[%clk 0:11:47]} Ra8
{[%clk 0:28:34]} 34. b5 {[%clk 0:11:41]} Ke6 {[%clk 0:26:38]} 35. Kc4
{[%clk 0:10:27]} Rec8 {[%clk 0:26:20]} 36. Rda1 {[%clk 0:09:21]} Ra7
{[%clk 0:25:55]} 37. a6 {[%clk 0:02:42]} b6 {[%clk 0:26:01]} 38. c6
{[%clk 0:02:57]} Rd8 {[%clk 0:25:26]} 39. Re1 {[%clk 0:01:21]} Rd5
{[%clk 0:22:49]} 40. f3 {[%clk 0:00:39]} Rc5+ {[%clk 0:22:06]} 41. Kb4
{[%clk 0:00:48]} Kd5 {[%clk 0:22:02]} 42. Rb2 {[%clk 0:00:34]} Rc4+
{[%clk 0:20:35]} 43. Ka3 {[%clk 0:00:57]} d3 {[%clk 0:16:02]} 44. Rb3
{[%clk 0:00:39]} Kd4 {[%clk 0:12:44]} 45. Rb4 {[%clk 0:00:35]} Rxb4
{[%clk 0:11:31]} 46. Kxb4 e4 {[%clk 0:10:17]} 47. fxe4 {[%clk 0:00:50]} fxe4
{[%clk 0:10:38]} 48. Ra1 {[%clk 0:00:34]} e3 {[%clk 0:07:29]} 49. c7
{[%clk 0:00:55]} Ra8 {[%clk 0:06:50]} 50. a7 {[%clk 0:01:02]} d2 {[%clk 0:06:00]}
51. c8=Q {[%clk 0:00:35]} Rxc8 {[%clk 0:06:26]} 52. a8=Q {[%clk 0:00:54]} Rxa8
{[%clk 0:06:53]} 0-1

[Event "PMPJ 2022 - C17"]
[Site "Jastrzebia Gora"]
[Date "2022.11.09"]
[Round "6.10"]
[White "Rzenca, Jerzy"]
[Black "Hury, Tymoteusz"]
[Result "1-0"]
[BlackElo "1710"]
[WhiteElo "1631"]
[LiveChessVersion "1.4.8"]

1. c4 {[%clk 1:30:58]} e5 {[%clk 1:30:56]} 2. g3 {[%clk 1:31:09]} Nc6
{[%clk 1:30:52]} 3. Bg2 {[%clk 1:31:32]} f5 {[%clk 1:31:10]} 4. Nc3
{[%clk 1:30:56]} Nf6 {[%clk 1:31:29]} 5. e3 {[%clk 1:21:47]} Bb4 {[%clk 1:30:06]}
6. Nd5 {[%clk 1:21:50]} a5 {[%clk 1:25:55]} 7. Ne2 {[%clk 1:17:31]} O-O
{[%clk 1:18:49]} 8. O-O {[%clk 1:14:38]} Be7 {[%clk 1:06:31]} 9. d3
{[%clk 1:08:55]} d6 {[%clk 0:59:39]} 10. b3 {[%clk 1:03:40]} Nb8 {[%clk 0:56:42]}
11. Bb2 {[%clk 0:54:57]} c6 {[%clk 0:47:10]} 12. Nxe7+ {[%clk 0:55:08]} Qxe7
{[%clk 0:47:30]} 13. Qd2 {[%clk 0:49:42]} Nbd7 {[%clk 0:39:32]} 14. Bc3
{[%clk 0:49:08]} Qd8 {[%clk 0:34:58]} 15. f4 {[%clk 0:38:15]} g6 {[%clk 0:24:49]}
16. Rad1 {[%clk 0:26:07]} Qc7 {[%clk 0:18:03]} 17. fxe5 {[%clk 0:22:10]} dxe5
{[%clk 0:12:00]} 18. d4 {[%clk 0:21:05]} e4 {[%clk 0:11:27]} 19. Nf4
{[%clk 0:20:28]} Re8 {[%clk 0:09:23]} 20. Qb2 {[%clk 0:18:21]} Kf7
{[%clk 0:04:14]} 21. d5 {[%clk 0:17:12]} cxd5 {[%clk 0:02:45]} 22. Nxd5
{[%clk 0:16:47]} Nxd5 {[%clk 0:02:54]} 23. Rxd5 {[%clk 0:17:12]} Nb6
{[%clk 0:02:29]} 24. Re5 {[%clk 0:06:57]} Nd7 {[%clk 0:02:37]} 25. Rxe4
{[%clk 0:06:28]} Nc5 {[%clk 0:01:31]} 26. Rxe8 {[%clk 0:06:10]} Kxe8
{[%clk 0:01:56]} 27. Be5 {[%clk 0:03:57]} Qe7 {[%clk 0:01:52]} 28. Qd4
{[%clk 0:03:13]} Ra6 {[%clk 0:01:12]} 29. Rd1 {[%clk 0:02:28]} Re6
{[%clk 0:00:38]} 30. Bd6 {[%clk 0:02:13]} Rxd6 {[%clk 0:00:50]} 31. Qxd6
{[%clk 0:02:35]} Qxe3+ {[%clk 0:00:50]} 32. Kh1 {[%clk 0:02:02]} Ne4
{[%clk 0:01:09]} 33. Qe5+ {[%clk 0:01:42]} Kf7 {[%clk 0:01:28]} 34. Bxe4
{[%clk 0:01:52]} fxe4 {[%clk 0:00:48]} 35. Qf4+ {[%clk 0:01:55]} Qxf4
{[%clk 0:01:12]} 36. gxf4 {[%clk 0:02:24]} Be6 {[%clk 0:00:37]} 37. Kg1
{[%clk 0:02:07]} Kf6 {[%clk 0:00:57]} 38. Kf2 {[%clk 0:02:28]} a4
{[%clk 0:00:39]} 39. Ke3 {[%clk 0:02:15]} axb3 {[%clk 0:00:57]} 40. axb3
{[%clk 0:02:44]} Kf5 {[%clk 0:00:34]} 41. Rd6 {[%clk 0:01:35]} h5
{[%clk 0:00:46]} 42. Rxe6 {[%clk 0:01:28]} Kxe6 {[%clk 0:01:12]} 43. Kxe4
{[%clk 0:01:54]} b6 {[%clk 0:01:23]} 44. h4 {[%clk 0:02:10]} Kf6 {[%clk 0:01:25]}
45. b4 {[%clk 0:02:34]} Ke6 {[%clk 0:01:36]} 46. c5 {[%clk 0:02:41]} b5
{[%clk 0:01:55]} 47. Kd4 {[%clk 0:02:35]} Kf5 {[%clk 0:02:19]} 48. c6
{[%clk 0:02:56]} Kxf4 {[%clk 0:02:37]} 49. c7 {[%clk 0:03:22]} Kg4
{[%clk 0:03:03]} 50. c8=Q+ {[%clk 0:03:46]} Kxh4 {[%clk 0:03:29]} 51. Ke4
{[%clk 0:02:49]} g5 {[%clk 0:03:50]} 52. Kf3 {[%clk 0:02:50]} g4+
{[%clk 0:04:12]} 53. Kf4 {[%clk 0:03:16]} Kh3 {[%clk 0:04:34]} 54. Qc3+
{[%clk 0:03:42]} Kh2 {[%clk 0:04:54]} 55. Qg3+ {[%clk 0:04:07]} Kh1
{[%clk 0:05:19]} 56. Qh4+ {[%clk 0:04:33]} 1-0

[Event "PMPJ 2022 - C17"]
[Site "Jastrzebia Gora"]
[Date "2022.11.09"]
[Round "6.11"]
[White "Mocko, Maciej"]
[Black "Kulig, Pawel"]
[Result "1/2-1/2"]
[BlackElo "1887"]
[WhiteElo "1572"]
[LiveChessVersion "1.4.8"]

1. e4 {[%clk 1:30:59]} c5 {[%clk 1:30:56]} 2. Nf3 {[%clk 1:31:25]} g6
{[%clk 1:31:23]} 3. d4 {[%clk 1:31:51]} cxd4 {[%clk 1:31:50]} 4. Qxd4
{[%clk 1:32:18]} Nf6 {[%clk 1:31:56]} 5. Nc3 {[%clk 1:32:43]} Nc6
{[%clk 1:32:21]} 6. Qa4 {[%clk 1:33:03]} d6 {[%clk 1:31:07]} 7. e5
{[%clk 1:33:22]} dxe5 {[%clk 1:30:25]} 8. Nxe5 {[%clk 1:33:38]} Bd7
{[%clk 1:30:27]} 9. Nxd7 {[%clk 1:34:01]} Qxd7 {[%clk 1:30:17]} 10. Be3
{[%clk 1:33:54]} Bg7 {[%clk 1:29:40]} 11. Rd1 {[%clk 1:34:12]} Qc8
{[%clk 1:29:17]} 12. Be2 {[%clk 1:33:54]} O-O {[%clk 1:28:53]} 13. O-O
{[%clk 1:34:12]} e6 {[%clk 1:20:12]} 14. Qh4 {[%clk 1:24:59]} Ne7
{[%clk 1:13:32]} 15. Ne4 {[%clk 1:20:05]} Nfd5 {[%clk 1:07:42]} 16. g4
{[%clk 1:08:18]} Nxe3 {[%clk 0:58:48]} 17. fxe3 {[%clk 1:07:52]} Nd5
{[%clk 0:57:01]} 18. Rf3 {[%clk 1:04:32]} f5 {[%clk 0:45:04]} 19. gxf5
{[%clk 0:56:38]} Rxf5 {[%clk 0:34:12]} 20. Rh3 {[%clk 0:35:37]} h5
{[%clk 0:31:21]} 21. c4 {[%clk 0:30:18]} Nf6 {[%clk 0:25:49]} 22. Nd6
{[%clk 0:29:31]} Qc5 {[%clk 0:25:51]} 23. Nxf5 {[%clk 0:29:42]} exf5
{[%clk 0:26:07]} 24. Qd4 {[%clk 0:28:41]} Qa5 {[%clk 0:25:56]} 25. a3
{[%clk 0:28:12]} Kh7 {[%clk 0:25:47]} 26. Qd2 {[%clk 0:27:05]} Qe5
{[%clk 0:25:50]} 27. Qd4 {[%clk 0:24:31]} Qa5 {[%clk 0:26:13]} 28. Bf3
{[%clk 0:24:27]} Ng4 {[%clk 0:25:52]} 29. Qd5 {[%clk 0:21:46]} Qb6
{[%clk 0:25:58]} 30. Bxg4 {[%clk 0:15:29]} fxg4 {[%clk 0:26:10]} 31. Rg3
{[%clk 0:15:27]} Qxb2 {[%clk 0:26:09]} 32. Qd3 {[%clk 0:15:13]} Qe5
{[%clk 0:25:59]} 33. Rg2 {[%clk 0:14:10]} Re8 {[%clk 0:26:08]} 34. Re1
{[%clk 0:13:50]} Bh6 {[%clk 0:26:28]} 35. Qd7+ {[%clk 0:10:50]} Re7
{[%clk 0:26:36]} 36. Qd5 {[%clk 0:09:56]} Bxe3+ {[%clk 0:24:53]} 37. Kh1
{[%clk 0:10:17]} Qf4 {[%clk 0:23:16]} 38. Qd3 {[%clk 0:06:37]} Bc5
{[%clk 0:21:41]} 39. Rxe7+ {[%clk 0:06:02]} Bxe7 {[%clk 0:22:02]} 40. h3
{[%clk 0:04:31]} Qc1+ {[%clk 0:21:03]} 41. Rg1 {[%clk 0:04:47]} Qxa3
{[%clk 0:21:07]} 42. Qxa3 {[%clk 0:05:10]} Bxa3 {[%clk 0:21:30]} 43. hxg4
{[%clk 0:05:37]} hxg4 {[%clk 0:20:40]} 44. Rd1 {[%clk 0:05:40]} b6
{[%clk 0:20:10]} 45. Rd7+ {[%clk 0:06:05]} Kh6 {[%clk 0:20:33]} 46. Rxa7
{[%clk 0:06:30]} Bc5 {[%clk 0:20:55]} 47. Kg2 {[%clk 0:06:56]} Kg5
{[%clk 0:21:02]} 48. Rf7 {[%clk 0:07:22]} Bd4 {[%clk 0:21:12]} 49. Kg3
{[%clk 0:06:50]} Be5+ {[%clk 0:21:24]} 50. Kf2 {[%clk 0:06:47]} Bd4+
{[%clk 0:21:48]} 1/2-1/2

[Event "PMPJ 2022 - C17"]
[Site "Jastrzebia Gora"]
[Date "2022.11.09"]
[Round "6.12"]
[White "Kaczmarek, Jan"]
[Black "Jozefik, Aleksander"]
[Result "1/2-1/2"]
[BlackElo "1616"]
[WhiteElo "1786"]
[LiveChessVersion "1.4.8"]

1. e4 {[%clk 1:30:56]} c5 {[%clk 1:30:53]} 2. Nf3 {[%clk 1:31:19]} Nc6
{[%clk 1:31:18]} 3. Bb5 {[%clk 1:31:41]} g6 {[%clk 1:31:36]} 4. O-O
{[%clk 1:31:20]} Bg7 {[%clk 1:31:49]} 5. c3 {[%clk 1:30:57]} Nf6 {[%clk 1:31:24]}
6. Re1 {[%clk 1:30:51]} O-O {[%clk 1:30:22]} 7. d4 {[%clk 1:30:37]} d5
{[%clk 1:30:00]} 8. e5 {[%clk 1:30:37]} Ne4 {[%clk 1:30:06]} 9. Bxc6
{[%clk 1:29:52]} bxc6 {[%clk 1:30:28]} 10. Be3 {[%clk 1:28:56]} Qb6
{[%clk 1:29:25]} 11. Qc1 {[%clk 1:27:53]} cxd4 {[%clk 1:28:36]} 12. cxd4
{[%clk 1:28:11]} a5 {[%clk 1:28:11]} 13. Nc3 {[%clk 1:23:27]} Nxc3
{[%clk 1:27:32]} 14. Qxc3 {[%clk 1:22:56]} Bg4 {[%clk 1:27:25]} 15. Nd2
{[%clk 1:20:14]} Bf5 {[%clk 1:26:11]} 16. Nb3 {[%clk 1:18:13]} Rfb8
{[%clk 1:21:54]} 17. Re2 {[%clk 1:14:51]} f6 {[%clk 1:10:21]} 18. e6
{[%clk 1:11:04]} g5 {[%clk 1:07:01]} 19. Nc5 {[%clk 1:09:38]} Rc8
{[%clk 1:06:05]} 20. Bd2 {[%clk 0:57:36]} Qb5 {[%clk 1:00:46]} 21. Re3
{[%clk 0:54:43]} a4 {[%clk 0:51:28]} 22. Qb4 {[%clk 0:46:41]} Rcb8
{[%clk 0:47:46]} 23. a3 {[%clk 0:45:02]} g4 {[%clk 0:47:28]} 24. Qxb5
{[%clk 0:39:11]} Rxb5 {[%clk 0:47:15]} 25. Bb4 {[%clk 0:38:39]} Bh6
{[%clk 0:47:39]} 26. Ree1 {[%clk 0:37:06]} Kf8 {[%clk 0:41:59]} 27. f3
{[%clk 0:32:01]} Bg5 {[%clk 0:34:17]} 28. fxg4 {[%clk 0:25:19]} Bxg4
{[%clk 0:34:19]} 29. h3 {[%clk 0:22:35]} Bf5 {[%clk 0:33:00]} 30. g4
{[%clk 0:22:53]} Bg6 {[%clk 0:32:53]} 31. Kg2 {[%clk 0:22:55]} Bh4
{[%clk 0:31:21]} 32. Rf1 {[%clk 0:18:58]} Ke8 {[%clk 0:29:00]} 33. Rac1
{[%clk 0:17:53]} 1/2-1/2

[Event "PMPJ 2022 - C17"]
[Site "Jastrzebia Gora"]
[Date "2022.11.09"]
[Round "6.13"]
[White "Bednarczyk, Mateusz"]
[Black "Jedrzejczak, Michal"]
[Result "1-0"]
[BlackElo "1503"]
[WhiteElo "1756"]
[LiveChessVersion "1.4.8"]

1. e4 {[%clk 1:30:58]} d6 {[%clk 1:30:54]} 2. d4 {[%clk 1:30:50]} g6
{[%clk 1:31:16]} 3. Nc3 {[%clk 1:30:29]} Bg7 {[%clk 1:31:31]} 4. f4
{[%clk 1:27:38]} Nd7 {[%clk 1:30:00]} 5. Nf3 {[%clk 1:27:45]} c5 {[%clk 1:29:54]}
6. Be3 {[%clk 1:27:07]} Ngf6 {[%clk 1:23:23]} 7. h3 {[%clk 1:16:26]} cxd4
{[%clk 1:15:11]} 8. Bxd4 {[%clk 1:16:07]} Qa5 {[%clk 1:14:38]} 9. e5
{[%clk 1:08:19]} Ne4 {[%clk 1:00:55]} 10. e6 {[%clk 1:06:57]} Ndf6
{[%clk 1:00:36]} 11. Ng5 {[%clk 0:56:18]} Bxe6 {[%clk 0:51:20]} 12. Ngxe4
{[%clk 0:54:25]} 1-0

[Event "PMPJ 2022 - C17"]
[Site "Jastrzebia Gora"]
[Date "2022.11.09"]
[Round "6.14"]
[White "Rychlik, Michal"]
[Black "Mikula, Maciej"]
[Result "1-0"]
[BlackElo "1748"]
[WhiteElo "1604"]
[LiveChessVersion "1.4.8"]

1. c4 {[%clk 1:30:55]} c5 {[%clk 1:30:50]} 2. Nf3 {[%clk 1:31:19]} g6
{[%clk 1:31:04]} 3. d4 {[%clk 1:31:20]} cxd4 {[%clk 1:31:14]} 4. Nxd4
{[%clk 1:31:43]} Bg7 {[%clk 1:31:36]} 5. e4 {[%clk 1:31:51]} Nc6 {[%clk 1:31:56]}
6. Be3 {[%clk 1:32:14]} Nh6 {[%clk 1:30:27]} 7. Nc3 {[%clk 1:31:38]} O-O
{[%clk 1:29:32]} 8. Be2 {[%clk 1:30:23]} d6 {[%clk 1:27:57]} 9. O-O
{[%clk 1:24:45]} f5 {[%clk 1:26:29]} 10. f3 {[%clk 1:23:18]} f4 {[%clk 1:26:48]}
11. Bf2 {[%clk 1:23:43]} g5 {[%clk 1:26:15]} 12. c5 {[%clk 1:18:21]} dxc5
{[%clk 1:02:32]} 13. Nxc6 {[%clk 1:17:22]} bxc6 {[%clk 1:02:47]} 14. Qa4
{[%clk 1:10:52]} Qe8 {[%clk 0:53:14]} 15. Qc4+ {[%clk 1:07:55]} Kh8
{[%clk 0:50:58]} 16. Qxc5 {[%clk 0:55:55]} Qg6 {[%clk 0:45:54]} 17. Qxe7
{[%clk 0:49:49]} g4 {[%clk 0:44:09]} 18. Rad1 {[%clk 0:48:31]} g3
{[%clk 0:33:58]} 19. Bd4 {[%clk 0:38:56]} Bxd4+ {[%clk 0:28:01]} 20. Rxd4
{[%clk 0:39:15]} gxh2+ {[%clk 0:28:28]} 21. Kxh2 {[%clk 0:32:39]} Bh3
{[%clk 0:18:05]} 22. Rf2 {[%clk 0:27:41]} Rg8 {[%clk 0:16:07]} 23. Bf1
{[%clk 0:25:30]} Rae8 {[%clk 0:09:53]} 24. Qc5 {[%clk 0:21:54]} Qg3+
{[%clk 0:08:07]} 25. Kg1 {[%clk 0:22:18]} Re6 {[%clk 0:00:41]} 26. Rd6
{[%clk 0:21:37]} Rxd6 {[%clk 0:00:39]} 27. Qxd6 {[%clk 0:21:52]} Qg5
{[%clk 0:01:06]} 28. Qxc6 {[%clk 0:21:21]} Nf7 {[%clk 0:01:06]} 29. Nd5
{[%clk 0:17:39]} Ne5 {[%clk 0:00:34]} 30. Qf6+ {[%clk 0:16:40]} Qxf6
{[%clk 0:01:03]} 31. Nxf6 {[%clk 0:17:08]} Rf8 {[%clk 0:00:45]} 32. Nxh7
{[%clk 0:16:32]} Kxh7 {[%clk 0:00:50]} 33. gxh3 {[%clk 0:16:56]} Kh6
{[%clk 0:01:12]} 34. Bg2 {[%clk 0:15:06]} Rd8 {[%clk 0:00:46]} 35. Rc2
{[%clk 0:15:01]} Rd1+ {[%clk 0:00:35]} 36. Kf2 {[%clk 0:13:53]} Ra1
{[%clk 0:00:45]} 37. a3 {[%clk 0:13:43]} a5 {[%clk 0:01:14]} 38. Bf1
{[%clk 0:11:07]} Rd1 {[%clk 0:00:36]} 39. Be2 {[%clk 0:10:46]} Rh1
{[%clk 0:00:31]} 40. Rc5 {[%clk 0:11:13]} Rh2+ {[%clk 0:00:48]} 41. Kf1
{[%clk 0:10:52]} Ng6 {[%clk 0:00:44]} 42. Rxa5 {[%clk 0:10:58]} Nh4
{[%clk 0:00:51]} 43. Rb5 {[%clk 0:09:33]} Rxh3 {[%clk 0:01:08]} 44. Kf2
{[%clk 0:06:00]} Rh2+ {[%clk 0:01:10]} 45. Ke1 {[%clk 0:05:58]} Rh3
{[%clk 0:01:35]} 46. Rb3 {[%clk 0:05:48]} Ng2+ {[%clk 0:01:48]} 47. Kd2
{[%clk 0:05:48]} Rh5 {[%clk 0:02:09]} 48. a4 {[%clk 0:05:48]} Ra5
{[%clk 0:02:10]} 49. Rb6+ {[%clk 0:05:49]} Kg7 {[%clk 0:02:31]} 50. Bb5
{[%clk 0:06:06]} Ne3 {[%clk 0:02:50]} 51. Ra6 {[%clk 0:05:37]} Rxa6
{[%clk 0:03:12]} 52. Bxa6 {[%clk 0:06:05]} Kf6 {[%clk 0:03:36]} 53. a5
{[%clk 0:06:15]} Ke7 {[%clk 0:03:53]} 54. b4 {[%clk 0:05:21]} Kd6
{[%clk 0:04:15]} 55. Bb5 {[%clk 0:05:47]} Kc7 {[%clk 0:04:36]} 56. Bd3
{[%clk 0:05:28]} Kb7 {[%clk 0:04:47]} 57. b5 {[%clk 0:05:15]} Ka7
{[%clk 0:05:10]} 58. Kc3 {[%clk 0:04:44]} Kb7 {[%clk 0:04:26]} 59. Kd4
{[%clk 0:04:45]} Ka7 {[%clk 0:04:50]} 60. e5 {[%clk 0:04:24]} 1-0